Services profiles 2013.
| Format: | Book |
|---|---|
| Published: |
Geneva:
WTO,
2013.
|
| Subjects: |
| LEADER | 00430cam a2200145 7i4500 | ||
|---|---|---|---|
| 001 | 0000031787 | ||
| 005 | 20150112090000.0 | ||
| 020 | 0 | 0 | |a 9789287038951 |
| 090 | 0 | 0 | |a I 338.47005 |b SER |
| 245 | 0 | 0 | |a Services profiles 2013. |
| 260 | 0 | 0 | |a Geneva: |b WTO, |c 2013. |
| 300 | # | # | |a 148 p. |
| 650 | 0 | 0 | |a Services industries -- |x Statistics |
| 650 | 0 | 0 | |a Infrastructure (Economics) -- |x Statistics |
| 999 | |a 0000034623 |b Book |c Services |e Business Information Centre | ||


